[Event "Girls U12 Polish Youth Championship"]
[Site "chess24.com"]
[Date "2018.05.03"]
[Round "6"]
[White "Szczotka, Matylda"]
[Black "Zabrzanska, Weronika"]
[Result "0-1"]
[Board "4"]
[WhiteElo "1204"]
[WhiteCountry "POL"]
[WhiteFideId "21858918"]
[WhiteEloChange "-2"]
[BlackElo "1557"]
[BlackCountry "POL"]
[BlackFideId "21825173"]
[BlackEloChange "2"]

1. e4 {[%clk 1:30:58]} e5 {[%clk 1:30:51]} 2. Nf3 {[%clk 1:31:21]} Nc6 {[%clk
1:31:12]} 3. Bb5 {[%clk 1:31:32]} a6 {[%clk 1:31:07]} 4. Ba4 {[%clk 1:31:44]} Nf6
{[%clk 1:31:09]} 5. Bxc6 {[%clk 1:31:43]} dxc6 {[%clk 1:31:19]} 6. d3 {[%clk
1:31:06]} Bd6 {[%clk 1:29:04]} 7. Nbd2 {[%clk 1:17:37]} b5 {[%clk 1:26:39]} 8. b3
{[%clk 1:28:45]} O-O {[%clk 1:23:09]} 9. Bb2 {[%clk 1:26:28]} Re8 {[%clk
1:20:52]} 10. O-O {[%clk 1:25:17]} c5 {[%clk 1:18:53]} 11. Re1 {[%clk 1:19:58]}
c6 {[%clk 1:16:33]} 12. Nf1 {[%clk 1:19:58]} Nh5 {[%clk 1:16:33]} 13. g3 {[%clk
1:11:35]} Nf6 {[%clk 1:03:10]} 14. Ne3 {[%clk 1:09:13]} g6 {[%clk 1:00:35]} 15.
Qc1 {[%clk 1:00:13]} Ng4 {[%clk 0:54:28]} 16. Ng2 {[%clk 0:54:52]} Kg7 {[%clk
0:41:38]} 17. Rf1 {[%clk 0:51:01]} Nf6 {[%clk 0:33:24]} 18. Nfe1 {[%clk 0:40:41]}
Nd7 {[%clk 0:30:53]} 19. f4 {[%clk 0:37:03]} f6 {[%clk 0:28:14]} 20. f5 {[%clk
0:33:58]} g5 {[%clk 0:27:51]} 21. Qd1 {[%clk 0:32:01]} Qe7 {[%clk 0:26:12]} 22.
Ne3 {[%clk 0:30:57]} Qf7 {[%clk 0:24:38]} 23. N1g2 {[%clk 0:28:12]} Nb6 {[%clk
0:22:25]} 24. Qe2 {[%clk 0:24:40]} Bb7 {[%clk 0:21:31]} 25. Rad1 {[%clk 0:23:18]}
Rad8 {[%clk 0:21:09]} 26. h4 {[%clk 0:22:04]} h6 {[%clk 0:20:54]} 27. Qg4 {[%clk
0:21:17]} h5 {[%clk 0:20:01]} 28. Qe2 {[%clk 0:21:11]} g4 {[%clk 0:20:15]} 29.
Kf2 {[%clk 0:15:52]} Rg8 {[%clk 0:17:16]} 30. Rh1 {[%clk 0:14:54]} Kf8 {[%clk
0:17:20]} 31. c3 {[%clk 0:13:19]} Nd7 {[%clk 0:16:28]} 32. Rc1 {[%clk 0:09:20]}
Rg7 {[%clk 0:15:34]} 33. c4 {[%clk 0:08:59]} b4 {[%clk 0:15:24]} 34. Nf1 {[%clk
0:07:52]} Ke7 {[%clk 0:14:37]} 35. Nh2 {[%clk 0:08:02]} Rdg8 {[%clk 0:14:39]} 36.
Ne3 {[%clk 0:08:16]} Kd8 {[%clk 0:14:08]} 37. Nc2 {[%clk 0:07:17]} a5 {[%clk
0:13:19]} 38. a3 {[%clk 0:06:14]} Ke7 {[%clk 0:11:59]} 39. Ra1 {[%clk 0:06:01]}
Bb8 {[%clk 0:11:32]} 40. axb4 {[%clk 0:05:31]} axb4 {[%clk 0:11:50]} 41. Qd2
{[%clk 0:04:49]} Rd8 {[%clk 0:11:33]} 42. Nxb4 {[%clk 0:04:21]} cxb4 {[%clk
0:09:57]} 43. Qxb4+ {[%clk 0:04:26]} Bd6 {[%clk 0:09:29]} 44. Qxb7 {[%clk
0:04:27]} Rb8 {[%clk 0:07:47]} 45. Qxc6 {[%clk 0:03:45]} Rxb3 {[%clk 0:07:44]}
46. Bc1 {[%clk 0:03:46]} Rxd3 {[%clk 0:03:43]} 47. Ra7 {[%clk 0:03:22]} Qe8
{[%clk 0:02:17]} 48. c5 {[%clk 0:01:40]} Bb8 {[%clk 0:02:12]} 49. Ra8 {[%clk
0:01:30]} Qf7 {[%clk 0:01:37]} 50. Ba3 {[%clk 0:01:01]} Qa2+ {[%clk 0:01:54]} 51.
Ke1 {[%clk 0:01:02]} Qb1+ {[%clk 0:01:41]} 52. Ke2 {[%clk 0:00:48]} Qc2+ {[%clk
0:02:01]} 53. Kf1 {[%clk 0:01:10]} Rd1# {[%clk 0:02:24]} 0-1

[Event "Girls U12 Polish Youth Championship"]
[Site "chess24.com"]
[Date "2018.05.03"]
[Round "6"]
[White "Jedrzejewska, Zuzanna"]
[Black "Barwinska, Ewa"]
[Result "0-1"]
[Board "5"]
[WhiteElo "1152"]
[WhiteCountry "POL"]
[WhiteFideId "21833770"]
[WhiteEloChange "-2"]
[BlackElo "1517"]
[BlackCountry "POL"]
[BlackFideId "21833761"]
[BlackEloChange "2"]

1. d4 {[%clk 1:30:59]} d5 {[%clk 1:30:38]} 2. c4 {[%clk 1:31:19]} e6 {[%clk
1:30:33]} 3. cxd5 {[%clk 1:31:23]} exd5 {[%clk 1:29:54]} 4. Nf3 {[%clk 1:30:41]}
Nc6 {[%clk 1:28:20]} 5. Nc3 {[%clk 1:29:04]} Nf6 {[%clk 1:25:30]} 6. Bg5 {[%clk
1:28:39]} Be7 {[%clk 1:23:58]} 7. e3 {[%clk 1:28:54]} h6 {[%clk 1:21:12]} 8. Bh4
{[%clk 1:27:59]} a6 {[%clk 1:19:40]} 9. Be2 {[%clk 1:27:36]} Be6 {[%clk 1:18:00]}
10. O-O {[%clk 1:27:22]} O-O {[%clk 1:15:55]} 11. Rc1 {[%clk 1:22:58]} Ne4 {[%clk
1:11:42]} 12. Bxe7 {[%clk 1:20:43]} Nxe7 {[%clk 1:08:35]} 13. Nxe4 {[%clk
1:18:23]} dxe4 {[%clk 1:08:52]} 14. Nd2 {[%clk 1:17:43]} Bd5 {[%clk 1:05:56]} 15.
Bc4 {[%clk 1:15:36]} c6 {[%clk 1:04:13]} 16. Qb3 {[%clk 1:12:45]} b5 {[%clk
1:02:04]} 17. Bxd5 {[%clk 1:12:31]} cxd5 {[%clk 1:02:22]} 18. f3 {[%clk 1:08:01]}
exf3 {[%clk 1:01:01]} 19. Nxf3 {[%clk 1:07:23]} Qd6 {[%clk 0:57:37]} 20. Rc2
{[%clk 1:06:09]} Rac8 {[%clk 0:57:34]} 21. Rfc1 {[%clk 1:05:10]} Rxc2 {[%clk
0:57:46]} 22. Rxc2 {[%clk 1:05:05]} Rc8 {[%clk 0:57:14]} 23. Rxc8+ {[%clk
1:04:29]} Nxc8 {[%clk 0:57:35]} 24. Qc3 {[%clk 1:03:10]} Nb6 {[%clk 0:55:52]} 25.
Qc5 {[%clk 1:01:09]} Qe6 {[%clk 0:55:31]} 26. Qc3 {[%clk 0:59:39]} b4 {[%clk
0:50:45]} 27. Qb3 {[%clk 0:53:40]} Nc4 {[%clk 0:49:39]} 28. Kf2 {[%clk 0:53:17]}
a5 {[%clk 0:49:02]} 29. Ne5 {[%clk 0:46:56]} Nxe5 {[%clk 0:47:21]} 30. dxe5
{[%clk 0:46:59]} Qxe5 {[%clk 0:47:12]} 31. g3 {[%clk 0:46:32]} Qf5+ {[%clk
0:44:41]} 32. Kg2 {[%clk 0:46:04]} Qe4+ {[%clk 0:44:58]} 33. Kg1 {[%clk 0:45:52]}
Qc4 {[%clk 0:44:05]} 34. Qxc4 {[%clk 0:44:48]} dxc4 {[%clk 0:44:22]} 35. Kf2
{[%clk 0:45:09]} f5 {[%clk 0:44:03]} 36. Ke2 {[%clk 0:45:21]} Kf7 {[%clk
0:43:15]} 37. h4 {[%clk 0:45:30]} Kg6 {[%clk 0:41:52]} 38. Kf2 {[%clk 0:45:23]}
Kh5 {[%clk 0:41:54]} 39. Kf3 {[%clk 0:45:38]} c3 {[%clk 0:40:33]} 40. bxc3 {[%clk
0:45:54]} bxc3 {[%clk 0:40:58]} 41. Ke2 {[%clk 0:46:16]} Kg4 {[%clk 0:40:53]} 42.
Kd3 {[%clk 0:46:38]} Kxg3 {[%clk 0:41:10]} 43. Kxc3 {[%clk 0:47:04]} Kxh4 {[%clk
0:41:26]} 44. Kb3 {[%clk 0:47:27]} g5 {[%clk 0:41:22]} 45. Ka4 {[%clk 0:47:51]}
g4 {[%clk 0:41:40]} 46. Kxa5 {[%clk 0:48:17]} g3 {[%clk 0:42:02]} 47. Kb6 {[%clk
0:48:18]} g2 {[%clk 0:42:18]} 48. a4 {[%clk 0:48:46]} g1Q {[%clk 0:42:38]} 49. a5
{[%clk 0:49:07]} Qxe3+ {[%clk 0:42:58]} 50. Kb7 {[%clk 0:49:27]} Qb3+ {[%clk
0:43:00]} 51. Ka8 {[%clk 0:49:16]} Qb5 {[%clk 0:43:16]} 52. a6 {[%clk 0:49:27]}
Qxa6+ {[%clk 0:43:35]} 53. Kb8 {[%clk 0:49:47]} Kg5 {[%clk 0:43:34]} 54. Kc7
{[%clk 0:50:00]} Kf6 {[%clk 0:43:37]} 55. Kd7 {[%clk 0:50:16]} Qe6+ {[%clk
0:43:46]} 56. Kc7 {[%clk 0:50:33]} Ke5 {[%clk 0:44:01]} 57. Kb8 {[%clk 0:50:37]}
Qf7 {[%clk 0:44:14]} 58. Ka8 {[%clk 0:50:50]} Kd6 {[%clk 0:44:31]} 59. Kb8 {[%clk
0:51:03]} Kc6 {[%clk 0:44:53]} 60. Ka8 {[%clk 0:51:15]} Qb7# {[%clk 0:45:14]} 0-1

[Event "Girls U12 Polish Youth Championship"]
[Site "chess24.com"]
[Date "2018.05.03"]
[Round "6"]
[White "Pastuszko, Katarzyna"]
[Black "Dallemura, Anna"]
[Result "0-1"]
[Board "6"]
[WhiteElo "1357"]
[WhiteCountry "POL"]
[WhiteFideId "21844615"]
[WhiteEloChange "-13"]
[BlackElo "1268"]
[BlackCountry "POL"]
[BlackFideId "21823022"]
[BlackEloChange "13"]

1. d4 {[%clk 1:30:56]} Nf6 {[%clk 1:30:52]} 2. Nc3 {[%clk 1:31:18]} d5 {[%clk
1:30:39]} 3. Bg5 {[%clk 1:31:27]} h6 {[%clk 1:29:25]} 4. Bh4 {[%clk 1:30:29]} Bf5
{[%clk 1:27:58]} 5. Nf3 {[%clk 1:29:39]} Nbd7 {[%clk 1:25:29]} 6. e3 {[%clk
1:27:12]} a6 {[%clk 1:23:36]} 7. Bd3 {[%clk 1:24:09]} Bxd3 {[%clk 1:22:37]} 8.
Qxd3 {[%clk 1:23:13]} e6 {[%clk 1:22:13]} 9. e4 {[%clk 1:20:34]} g5 {[%clk
1:12:08]} 10. Bg3 {[%clk 1:18:55]} Bb4 {[%clk 1:09:46]} 11. a3 {[%clk 1:13:27]}
dxe4 {[%clk 1:08:52]} 12. Qd2 {[%clk 1:09:59]} Bxc3 {[%clk 1:08:25]} 13. Qxc3
{[%clk 1:10:12]} exf3 {[%clk 1:07:48]} 14. Qxf3 {[%clk 1:10:02]} c6 {[%clk
1:06:25]} 15. Bd6 {[%clk 1:07:32]} Qa5+ {[%clk 1:02:20]} 16. Bb4 {[%clk 1:06:01]}
Qf5 {[%clk 1:00:55]} 17. Qb3 {[%clk 1:03:14]} Qe4+ {[%clk 0:58:51]} 18. Kd2
{[%clk 0:59:26]} Qxd4+ {[%clk 0:58:16]} 19. Kc1 {[%clk 0:59:22]} O-O-O {[%clk
0:49:28]} 20. Rd1 {[%clk 0:56:32]} Qxd1+ {[%clk 0:46:48]} 21. Kxd1 {[%clk
0:55:51]} Nc5+ {[%clk 0:47:14]} 22. Qd3 {[%clk 0:55:43]} Nxd3 {[%clk 0:47:17]}
23. cxd3 {[%clk 0:55:48]} Rxd3+ {[%clk 0:47:30]} 24. Kc2 {[%clk 0:56:03]} Rhd8
{[%clk 0:47:44]} 25. Rc1 {[%clk 0:55:23]} Ng4 {[%clk 0:47:18]} 26. f3 {[%clk
0:55:28]} Ne3+ {[%clk 0:47:27]} 27. Kb1 {[%clk 0:55:46]} Rd1 {[%clk 0:47:48]} 28.
Rxd1 {[%clk 0:56:06]} Rxd1+ {[%clk 0:48:09]} 29. Ka2 {[%clk 0:56:33]} Nxg2 {[%clk
0:48:30]} 30. Kb3 {[%clk 0:56:55]} Rd3+ {[%clk 0:48:47]} 31. Kc4 {[%clk 0:57:15]}
Rxf3 {[%clk 0:49:03]} 0-1

[Event "Girls U12 Polish Youth Championship"]
[Site "chess24.com"]
[Date "2018.05.03"]
[Round "6"]
[White "Gaj, Magdalena"]
[Black "Szopa, Emilia"]
[Result "1-0"]
[Board "7"]
[WhiteElo "1585"]
[WhiteCountry "POL"]
[WhiteFideId "21804397"]
[WhiteEloChange "3"]
[BlackElo "1261"]
[BlackCountry "POL"]
[BlackFideId "21858853"]
[BlackEloChange "-3"]

1. e4 {[%clk 1:30:56]} e5 {[%clk 1:30:35]} 2. Nf3 {[%clk 1:31:20]} Nc6 {[%clk
1:30:58]} 3. Bb5 {[%clk 1:31:45]} Bc5 {[%clk 1:31:01]} 4. Qe2 {[%clk 1:31:53]} d6
{[%clk 1:29:56]} 5. c3 {[%clk 1:29:31]} a6 {[%clk 1:29:44]} 6. Ba4 {[%clk
1:27:33]} b5 {[%clk 1:29:22]} 7. Bb3 {[%clk 1:25:41]} Nf6 {[%clk 1:28:56]} 8. d3
{[%clk 1:25:48]} O-O {[%clk 1:27:42]} 9. Bg5 {[%clk 1:25:47]} h6 {[%clk 1:27:38]}
10. Bh4 {[%clk 1:24:05]} Bg4 {[%clk 1:27:17]} 11. Nbd2 {[%clk 1:23:06]} Bb6
{[%clk 1:26:25]} 12. Nf1 {[%clk 1:16:11]} Re8 {[%clk 1:25:12]} 13. Ne3 {[%clk
1:15:32]} Bh5 {[%clk 1:24:10]} 14. Bd5 {[%clk 1:06:50]} Qd7 {[%clk 1:22:25]} 15.
Bxf6 {[%clk 1:06:37]} gxf6 {[%clk 1:22:29]} 16. Nf5 {[%clk 1:05:46]} Kh7 {[%clk
1:19:41]} 17. Qd2 {[%clk 0:49:57]} Kg8 {[%clk 1:18:49]} 18. Bxc6 {[%clk 0:48:30]}
Qxc6 {[%clk 1:18:40]} 19. Qxh6 {[%clk 0:48:49]} 1-0

[Event "Girls U12 Polish Youth Championship"]
[Site "chess24.com"]
[Date "2018.05.03"]
[Round "6"]
[White "Rejniak, Zuzanna"]
[Black "Bar, Klaudia"]
[Result "0-1"]
[Board "8"]
[WhiteElo "1458"]
[WhiteCountry "POL"]
[WhiteFideId "21848017"]
[WhiteEloChange "-14"]
[BlackElo "1295"]
[BlackCountry "POL"]
[BlackFideId "21836337"]
[BlackEloChange "14"]

1. e4 {[%clk 1:30:57]} c5 {[%clk 1:30:51]} 2. Nf3 {[%clk 1:31:22]} Nc6 {[%clk
1:30:59]} 3. d4 {[%clk 1:31:45]} cxd4 {[%clk 1:30:58]} 4. Nxd4 {[%clk 1:32:07]}
g6 {[%clk 1:29:46]} 5. c4 {[%clk 1:32:21]} Nf6 {[%clk 1:30:00]} 6. Nc3 {[%clk
1:32:24]} Nxd4 {[%clk 1:30:09]} 7. Qxd4 {[%clk 1:32:38]} d6 {[%clk 1:30:07]} 8.
Be3 {[%clk 1:19:31]} Bg7 {[%clk 1:28:21]} 9. Be2 {[%clk 1:18:56]} O-O {[%clk
1:28:37]} 10. Qd2 {[%clk 1:19:17]} a5 {[%clk 1:26:40]} 11. O-O {[%clk 1:18:26]}
a4 {[%clk 1:26:51]} 12. Rac1 {[%clk 1:13:23]} Be6 {[%clk 1:25:51]} 13. f3 {[%clk
1:07:46]} Qa5 {[%clk 1:19:59]} 14. Qc2 {[%clk 0:56:18]} Rfc8 {[%clk 1:15:25]} 15.
b3 {[%clk 0:54:14]} axb3 {[%clk 0:54:13]} 16. axb3 {[%clk 0:47:35]} Nd7 {[%clk
0:45:26]} 17. Nb5 {[%clk 0:19:35]} Nc5 {[%clk 0:31:26]} 18. Nd4 {[%clk 0:17:29]}
Qa2 {[%clk 0:27:30]} 19. Qd1 {[%clk 0:12:57]} Bxd4 {[%clk 0:25:51]} 20. Bxd4
{[%clk 0:12:44]} Qxb3 {[%clk 0:25:38]} 21. Qd2 {[%clk 0:09:48]} Ra2 {[%clk
0:24:06]} 22. Qh6 {[%clk 0:09:43]} f6 {[%clk 0:23:34]} 23. Rfe1 {[%clk 0:09:35]}
Nd3 {[%clk 0:19:35]} 24. Rb1 {[%clk 0:07:18]} Rxe2 {[%clk 0:19:02]} 25. Red1
{[%clk 0:07:04]} Qxc4 {[%clk 0:18:38]} 26. Be3 {[%clk 0:06:54]} Qc2 {[%clk
0:15:08]} 27. Kh1 {[%clk 0:07:03]} Rxe3 {[%clk 0:12:46]} 28. Qxe3 {[%clk
0:07:15]} Nf2+ {[%clk 0:13:09]} 29. Kg1 {[%clk 0:07:36]} Nxd1 {[%clk 0:13:28]}
30. Rxd1 {[%clk 0:08:04]} Qxd1+ {[%clk 0:13:48]} 31. Kf2 {[%clk 0:08:27]} Rc2+
{[%clk 0:14:06]} 32. Kg3 {[%clk 0:08:53]} Qf1 {[%clk 0:14:09]} 33. Kh4 {[%clk
0:09:18]} Qxg2 {[%clk 0:14:17]} 0-1

[Event "Girls U12 Polish Youth Championship"]
[Site "chess24.com"]
[Date "2018.05.03"]
[Round "6"]
[White "Garbowska, Maja"]
[Black "Obrochta, Lena"]
[Result "0-1"]
[Board "9"]
[WhiteElo "1207"]
[WhiteCountry "POL"]
[WhiteFideId "21816573"]
[WhiteEloChange "-6"]
[BlackElo "1342"]
[BlackCountry "POL"]
[BlackFideId "21836477"]
[BlackEloChange "6"]

1. e4 {[%clk 1:30:57]} e5 {[%clk 1:30:56]} 2. Nf3 {[%clk 1:31:22]} d6 {[%clk
1:31:21]} 3. d4 {[%clk 1:31:23]} Nd7 {[%clk 1:31:35]} 4. Bc4 {[%clk 1:31:31]} c6
{[%clk 1:31:49]} 5. Ng5 {[%clk 1:31:29]} Nh6 {[%clk 1:32:07]} 6. O-O {[%clk
1:31:02]} Nb6 {[%clk 1:31:17]} 7. Bb3 {[%clk 1:31:01]} Be7 {[%clk 1:30:36]} 8.
Nf3 {[%clk 1:29:47]} Ng4 {[%clk 1:25:56]} 9. Nc3 {[%clk 1:28:02]} Qc7 {[%clk
1:24:24]} 10. a4 {[%clk 1:25:29]} a5 {[%clk 1:22:39]} 11. Re1 {[%clk 1:23:32]}
O-O {[%clk 1:16:32]} 12. h3 {[%clk 1:23:10]} Nf6 {[%clk 1:16:30]} 13. Bg5 {[%clk
1:21:25]} Ne8 {[%clk 1:12:14]} 14. Qd2 {[%clk 1:20:14]} h6 {[%clk 1:00:09]} 15.
Bh4 {[%clk 1:17:09]} Bxh4 {[%clk 0:56:09]} 16. Nxh4 {[%clk 1:17:25]} Kh7 {[%clk
0:55:24]} 17. Rad1 {[%clk 1:11:00]} Qe7 {[%clk 0:45:37]} 18. Nf3 {[%clk 1:09:49]}
Be6 {[%clk 0:39:00]} 19. dxe5 {[%clk 1:02:29]} dxe5 {[%clk 0:35:47]} 20. Ne2
{[%clk 1:00:29]} Qf6 {[%clk 0:26:24]} 21. Qc3 {[%clk 0:57:36]} Nd7 {[%clk
0:24:17]} 22. Ng3 {[%clk 0:55:22]} g6 {[%clk 0:20:42]} 23. Qe3 {[%clk 0:52:29]}
Rg8 {[%clk 0:17:33]} 24. Qd2 {[%clk 0:50:54]} Nc5 {[%clk 0:14:46]} 25. Bxe6
{[%clk 0:49:49]} Qxe6 {[%clk 0:14:53]} 26. b3 {[%clk 0:49:51]} b5 {[%clk
0:10:54]} 27. axb5 {[%clk 0:49:27]} cxb5 {[%clk 0:11:15]} 28. Qd5 {[%clk
0:49:47]} Rc8 {[%clk 0:08:03]} 29. Nxe5 {[%clk 0:48:44]} Rc7 {[%clk 0:04:18]} 30.
Ne2 {[%clk 0:44:26]} Nf6 {[%clk 0:02:35]} 31. Qxe6 {[%clk 0:44:20]} Nxe6 {[%clk
0:02:27]} 32. Nd4 {[%clk 0:43:19]} Nxd4 {[%clk 0:01:47]} 33. Rxd4 {[%clk
0:40:58]} Re8 {[%clk 0:01:58]} 34. f4 {[%clk 0:38:54]} Nh5 {[%clk 0:01:14]} 35.
Rd5 {[%clk 0:35:34]} Nxf4 {[%clk 0:00:43]} 36. Rxb5 {[%clk 0:35:33]} Rxc2 {[%clk
0:00:44]} 37. Rf1 {[%clk 0:33:42]} Ne2+ {[%clk 0:00:38]} 38. Kh2 {[%clk 0:33:47]}
Re7 {[%clk 0:00:53]} 39. Rxa5 {[%clk 0:33:52]} Kg7 {[%clk 0:00:46]} 40. Rf2
{[%clk 0:33:25]} Nd4 {[%clk 0:00:40]} 41. Rxc2 {[%clk 0:32:44]} Nxc2 {[%clk
0:01:06]} 42. Kg3 {[%clk 0:32:11]} h5 {[%clk 0:00:39]} 43. Kf4 {[%clk 0:31:55]}
Ne1 {[%clk 0:00:32]} 44. g3 {[%clk 0:30:51]} Nc2 {[%clk 0:00:46]} 45. Rc5 {[%clk
0:30:30]} Nd4 {[%clk 0:00:52]} 46. b4 {[%clk 0:29:47]} Ne6+ {[%clk 0:01:17]} 47.
Ke3 {[%clk 0:28:23]} Nxc5 {[%clk 0:01:43]} 48. bxc5 {[%clk 0:28:44]} Rxe5 {[%clk
0:02:08]} 49. Kd4 {[%clk 0:29:09]} Re8 {[%clk 0:02:11]} 50. e5 {[%clk 0:29:07]}
f6 {[%clk 0:01:48]} 51. e6 {[%clk 0:28:20]} Rxe6 {[%clk 0:02:04]} 52. Kd5 {[%clk
0:28:48]} Kf7 {[%clk 0:02:20]} 53. c6 {[%clk 0:28:59]} Rxc6 {[%clk 0:02:13]} 54.
Kxc6 {[%clk 0:29:22]} Ke6 {[%clk 0:02:42]} 55. Kc5 {[%clk 0:29:35]} Ke5 {[%clk
0:03:08]} 56. Kc6 {[%clk 0:29:47]} f5 {[%clk 0:02:51]} 57. Kd7 {[%clk 0:29:49]}
g5 {[%clk 0:03:03]} 58. Ke7 {[%clk 0:30:01]} f4 {[%clk 0:03:25]} 59. gxf4+ {[%clk
0:30:21]} gxf4 {[%clk 0:03:50]} 60. Kf7 {[%clk 0:30:49]} Kf5 {[%clk 0:04:10]} 0-1

[Event "Girls U12 Polish Youth Championship"]
[Site "chess24.com"]
[Date "2018.05.03"]
[Round "6"]
[White "Wichura, Sara"]
[Black "Grzesik, Nikola"]
[Result "1/2-1/2"]
[Board "10"]
[WhiteElo "1179"]
[WhiteCountry "POL"]
[WhiteFideId "21816670"]
[WhiteEloChange "4"]
[BlackElo "1313"]
[BlackCountry "POL"]
[BlackFideId "21816590"]
[BlackEloChange "-4"]

1. e4 {[%clk 1:30:59]} c5 {[%clk 1:30:54]} 2. Nf3 {[%clk 1:31:06]} e6 {[%clk
1:31:19]} 3. d4 {[%clk 1:31:12]} cxd4 {[%clk 1:31:45]} 4. Nxd4 {[%clk 1:31:33]}
a6 {[%clk 1:32:10]} 5. Nc3 {[%clk 1:31:17]} b5 {[%clk 1:32:34]} 6. a3 {[%clk
1:30:38]} Bb7 {[%clk 1:32:47]} 7. Bd3 {[%clk 1:29:00]} Qc7 {[%clk 1:32:51]} 8.
Bd2 {[%clk 1:24:58]} Nf6 {[%clk 1:31:53]} 9. Nf3 {[%clk 1:22:46]} d6 {[%clk
1:31:50]} 10. O-O {[%clk 1:20:11]} Nbd7 {[%clk 1:31:19]} 11. Re1 {[%clk 1:18:20]}
Be7 {[%clk 1:30:55]} 12. Qe2 {[%clk 1:18:09]} O-O {[%clk 1:29:27]} 13. h3 {[%clk
1:12:28]} Rac8 {[%clk 1:24:30]} 14. Bg5 {[%clk 1:08:58]} h6 {[%clk 1:23:49]} 15.
Bh4 {[%clk 1:09:20]} Ne5 {[%clk 1:21:23]} 16. Bg3 {[%clk 1:04:56]} Nc4 {[%clk
1:14:50]} 17. Bxc4 {[%clk 1:03:54]} Qxc4 {[%clk 1:10:26]} 18. Qxc4 {[%clk
1:03:34]} Rxc4 {[%clk 1:09:44]} 19. e5 {[%clk 1:03:51]} dxe5 {[%clk 1:08:51]} 20.
Bxe5 {[%clk 1:01:18]} Bxf3 {[%clk 1:06:33]} 21. gxf3 {[%clk 1:01:27]} Rd8 {[%clk
1:05:09]} 22. Rad1 {[%clk 1:01:28]} Rxd1 {[%clk 0:59:18]} 23. Rxd1 {[%clk
1:01:52]} Rc6 {[%clk 0:58:47]} 24. Rd2 {[%clk 1:00:08]} Rc8 {[%clk 0:44:32]} 25.
Na2 {[%clk 0:57:56]} Nd5 {[%clk 0:39:59]} 26. Nc3 {[%clk 0:50:51]} Nxc3 {[%clk
0:36:34]} 27. Bxc3 {[%clk 0:51:04]} Bxa3 {[%clk 0:35:19]} 28. Bd4 {[%clk
0:41:57]} Bc5 {[%clk 0:34:19]} 29. Bxc5 {[%clk 0:38:48]} Rxc5 {[%clk 0:34:40]}
30. c3 {[%clk 0:39:13]} Rc6 {[%clk 0:34:24]} 31. Kg2 {[%clk 0:38:27]} a5 {[%clk
0:32:42]} 32. Rd8+ {[%clk 0:35:55]} Kh7 {[%clk 0:33:00]} 33. Ra8 {[%clk 0:36:16]}
a4 {[%clk 0:33:18]} 34. Ra5 {[%clk 0:35:45]} Rc5 {[%clk 0:33:13]} 35. c4 {[%clk
0:35:51]} Rg5+ {[%clk 0:29:44]} 36. Kh2 {[%clk 0:35:56]} bxc4 {[%clk 0:29:40]}
37. Rxa4 {[%clk 0:36:07]} Rb5 {[%clk 0:30:01]} 38. Rxc4 {[%clk 0:35:43]} Rxb2
{[%clk 0:30:24]} 39. Kg3 {[%clk 0:36:06]} Rb5 {[%clk 0:30:09]} 40. h4 {[%clk
0:34:55]} h5 {[%clk 0:29:46]} 41. f4 {[%clk 0:33:49]} Rb3+ {[%clk 0:28:47]} 42.
f3 {[%clk 0:33:55]} Rb5 {[%clk 0:29:04]} 43. Rc7 {[%clk 0:32:34]} f6 {[%clk
0:28:12]} 44. Rc6 {[%clk 0:30:49]} e5 {[%clk 0:28:18]} 45. Rc4 {[%clk 0:29:24]}
exf4+ {[%clk 0:27:55]} 46. Rxf4 {[%clk 0:29:26]} Kg6 {[%clk 0:26:35]} 47. Rc4
{[%clk 0:28:44]} 1/2-1/2

[Event "Girls U12 Polish Youth Championship"]
[Site "chess24.com"]
[Date "2018.05.03"]
[Round "6"]
[White "Siekanska, Maria"]
[Black "Kucharska, Helena"]
[Result "0-1"]
[Board "11"]
[WhiteElo "1550"]
[WhiteCountry "POL"]
[WhiteFideId "21852650"]
[WhiteEloChange "-17"]
[BlackElo "1247"]
[BlackCountry "POL"]
[BlackFideId "1195760"]
[BlackEloChange "17"]

1. d4 {[%clk 1:30:59]} d5 {[%clk 1:30:52]} 2. c4 {[%clk 1:31:24]} c6 {[%clk
1:31:16]} 3. cxd5 {[%clk 1:31:49]} cxd5 {[%clk 1:31:37]} 4. Nc3 {[%clk 1:32:11]}
Nf6 {[%clk 1:31:53]} 5. Bf4 {[%clk 1:32:27]} Nc6 {[%clk 1:32:13]} 6. Nf3 {[%clk
1:32:44]} a6 {[%clk 1:32:31]} 7. Rc1 {[%clk 1:32:55]} Bg4 {[%clk 1:31:53]} 8. Ne5
{[%clk 1:31:23]} Bf5 {[%clk 1:30:15]} 9. e3 {[%clk 1:30:50]} e6 {[%clk 1:28:50]}
10. Qa4 {[%clk 1:30:02]} Qb6 {[%clk 1:20:04]} 11. Nb5 {[%clk 1:18:24]} Rc8 {[%clk
1:10:43]} 12. Nxc6 {[%clk 1:18:10]} axb5 {[%clk 1:03:19]} 13. Bxb5 {[%clk
1:17:20]} bxc6 {[%clk 1:03:01]} 14. Rxc6 {[%clk 1:15:36]} Rxc6 {[%clk 1:00:26]}
15. Bxc6+ {[%clk 1:15:52]} Kd8 {[%clk 1:00:42]} 16. a3 {[%clk 1:13:55]} Bd3
{[%clk 0:53:55]} 17. b4 {[%clk 1:08:35]} Ba6 {[%clk 0:40:05]} 18. Bg5 {[%clk
1:03:47]} Kc7 {[%clk 0:37:36]} 19. b5 {[%clk 1:02:25]} Bb7 {[%clk 0:37:35]} 20.
Bxb7 {[%clk 1:02:13]} Kxb7 {[%clk 0:37:56]} 21. O-O {[%clk 0:59:38]} Be7 {[%clk
0:33:42]} 22. Rc1 {[%clk 0:57:38]} Ra8 {[%clk 0:33:32]} 23. Qc2 {[%clk 0:57:00]}
Bxa3 {[%clk 0:28:40]} 24. Qc6+ {[%clk 0:55:22]} Qxc6 {[%clk 0:28:17]} 25. bxc6+
{[%clk 0:55:33]} Kc7 {[%clk 0:28:13]} 26. Ra1 {[%clk 0:53:48]} Kxc6 {[%clk
0:26:11]} 27. e4 {[%clk 0:53:25]} Kb7 {[%clk 0:25:43]} 28. Rb1+ {[%clk 0:50:35]}
Kc8 {[%clk 0:25:52]} 29. Ra1 {[%clk 0:50:50]} Rb8 {[%clk 0:25:42]} 30. h4 {[%clk
0:49:05]} Bb2 {[%clk 0:25:43]} 31. Rd1 {[%clk 0:48:11]} Nxe4 {[%clk 0:25:23]} 32.
Bf4 {[%clk 0:47:42]} Ra8 {[%clk 0:25:19]} 33. f3 {[%clk 0:47:05]} Nf6 {[%clk
0:25:12]} 34. Rd2 {[%clk 0:46:56]} Ba3 {[%clk 0:23:42]} 35. Rc2+ {[%clk 0:46:54]}
Kb7 {[%clk 0:22:25]} 36. Rc7+ {[%clk 0:47:06]} Kb6 {[%clk 0:22:41]} 37. Rxf7
{[%clk 0:47:18]} Ra7 {[%clk 0:23:01]} 38. Rxa7 {[%clk 0:47:11]} Kxa7 {[%clk
0:23:26]} 39. Be5 {[%clk 0:47:18]} Ne8 {[%clk 0:23:06]} 40. g4 {[%clk 0:45:56]}
Bd6 {[%clk 0:23:19]} 41. h5 {[%clk 0:44:31]} Bxe5 {[%clk 0:23:32]} 42. dxe5
{[%clk 0:44:57]} Kb6 {[%clk 0:23:48]} 43. Kf2 {[%clk 0:44:54]} Kc5 {[%clk
0:24:12]} 44. f4 {[%clk 0:44:55]} Kd4 {[%clk 0:22:49]} 45. Kf3 {[%clk 0:43:53]}
Kd3 {[%clk 0:21:16]} 46. f5 {[%clk 0:43:11]} exf5 {[%clk 0:21:19]} 47. gxf5
{[%clk 0:43:35]} d4 {[%clk 0:21:20]} 48. h6 {[%clk 0:43:28]} gxh6 {[%clk
0:20:17]} 49. f6 {[%clk 0:43:17]} Nc7 {[%clk 0:18:54]} 50. Kf4 {[%clk 0:35:25]}
Ke2 {[%clk 0:14:20]} 51. Ke4 {[%clk 0:35:28]} d3 {[%clk 0:12:30]} 52. f7 {[%clk
0:35:43]} Ne6 {[%clk 0:11:42]} 53. Kf5 {[%clk 0:35:53]} Nd4+ {[%clk 0:07:16]} 54.
Kf6 {[%clk 0:31:59]} d2 {[%clk 0:06:10]} 55. f8Q {[%clk 0:32:12]} d1Q {[%clk
0:06:30]} 56. Qc8 {[%clk 0:30:48]} Qf1+ {[%clk 0:05:37]} 57. Ke7 {[%clk 0:30:51]}
Nf5+ {[%clk 0:04:45]} 58. Ke6 {[%clk 0:30:58]} Nd4+ {[%clk 0:03:10]} 59. Ke7
{[%clk 0:31:00]} Ke3 {[%clk 0:02:21]} 60. Qc7 {[%clk 0:28:57]} Qg1 {[%clk
0:01:20]} 61. Qb6 {[%clk 0:26:45]} Qg7+ {[%clk 0:01:33]} 62. Kd8 {[%clk 0:25:39]}
Ke4 {[%clk 0:00:43]} 63. Qb1+ {[%clk 0:25:05]} Kxe5 {[%clk 0:01:04]} 64. Qe1+
{[%clk 0:24:43]} Kd5 {[%clk 0:01:20]} 65. Qa5+ {[%clk 0:24:17]} Kd6 {[%clk
0:01:27]} 66. Qb4+ {[%clk 0:24:19]} Ke6 {[%clk 0:01:24]} 67. Qc4+ {[%clk
0:17:48]} Kf5 {[%clk 0:01:33]} 68. Qd3+ {[%clk 0:15:51]} Kg5 {[%clk 0:01:09]} 69.
Qd2+ {[%clk 0:15:24]} Kg6 {[%clk 0:01:27]} 70. Qa2 {[%clk 0:14:04]} Qf6+ {[%clk
0:01:23]} 0-1